[Event "Civil Service Ch 9th"]
[Site "Leeds"]
[Date "1999.07.29"]
[Round "4"]
[White "Charter, Mark R"]
[Black "Lewyk, Ihor"]
[Result "1-0"]
[WhiteElo "2045"]
[BlackElo "1975"]
[PlyCount "79"]
[EventDate "1999.07.28"]
[EventType "swiss"]
[EventRounds "5"]
[EventCountry "ENG"]
[SourceTitle "BritBase"]
[Source "John Saunders"]
[SourceDate "2024.12.03"]
[SourceVersion "1"]
[SourceVersionDate "2024.12.03"]
[SourceQuality "1"]

1. e4 d5 2. exd5 Nf6 3. d4 Bg4 4. f3 Bf5 5. c4 c6 6. dxc6 Nxc6 7. d5 Ne5 8. Bf4 Ng6 9. Be3 Bxb1 10. Qa4+ Nd7 11. Rxb1 Qc7 12. c5 Qe5 13. Qe4 Qxe4 14. fxe4 Nf6 15. Bb5+ Kd8 16. Bd3 Ne5 17. Ke2 Nfg4 18. Nf3 Nxd3 19. Kxd3 e5 20. Rhc1 g6 21. Bg1 Bh6 22. Rf1 f5 23. h3 fxe4+ 24. Kxe4 Nf6+ 25. Kxe5 Bg7 26. Ng5 Nh5+ 27. Kd6 Bf8+ 28. Ke6 Ng7+ 29. Ke5 Ke8 30. Ne6 Nxe6 31. Kxe6 a5 32. d6 Ra6 33. Bd4 Rg8 34. Rf7 g5 35. Rxb7 Rg6+ 36. Kd5 Bxd6 37. cxd6 Raxd6+ 38. Kc4 g4 39. Re1+ Kd8 40. Rxh7 1-0

[Event "Civil Service Ch 9th"]
[Site "Leeds"]
[Date "1999.07.29"]
[Round "4"]
[White "Lane, Nancy S"]
[Black "Archer, Richard P"]
[Result "1/2-1/2"]
[WhiteElo "1910"]
[BlackElo "1860"]
[PlyCount "41"]
[EventDate "1999.07.28"]
[EventType "swiss"]
[EventRounds "5"]
[EventCountry "ENG"]
[SourceTitle "BritBase"]
[Source "John Saunders"]
[SourceDate "2024.12.03"]
[SourceVersion "1"]
[SourceVersionDate "2024.12.03"]
[SourceQuality "1"]

1. e4 c5 2. f4 g6 3. Nc3 Bg7 4. Nf3 d6 5. Bc4 e6 6. O-O Ne7 7. d3 Nbc6 8. Qe1 Na5 9. Bb5+ Nac6 10. Ne2 a6 11. Bxc6+ bxc6 12. c3 h6 13. Be3 Rb8 14. Rb1 a5 15. Qf2 Ba6 16. Rfd1 c4 17. d4 d5 18. Ng3 Bc8 19. Qc2 f5 20. e5 Kf7 21. Rf1 1/2-1/2

[Event "Civil Service Ch 9th"]
[Site "Leeds"]
[Date "1999.07.29"]
[Round "4"]
[White "Nicholas, Jeff J"]
[Black "Walker, Martin Graham"]
[Result "0-1"]
[WhiteElo "1720"]
[BlackElo "2120"]
[PlyCount "64"]
[EventDate "1999.07.28"]
[EventType "swiss"]
[EventRounds "5"]
[EventCountry "ENG"]
[SourceTitle "BritBase"]
[Source "John Saunders"]
[SourceDate "2024.12.03"]
[SourceVersion "1"]
[SourceVersionDate "2024.12.03"]
[SourceQuality "1"]

1. d4 Nf6 2. Nf3 g6 3. Bg5 Bg7 4. e3 O-O 5. Nbd2 d6 6. Bd3 Nbd7 7. O-O Re8 8. c3 h6 9. Bh4 Nf8 10. Qc2 g5 11. Bg3 Bg4 12. Rac1 Bh5 13. Rfe1 Bg6 14. e4 Nh5 15. Nf1 Ne6 16. e5 Bxd3 17. Qxd3 Nxg3 18. hxg3 g4 19. Nh4 dxe5 20. Qf5 exd4 21. Rxe6 fxe6 22. Qxe6+ Kh8 23. cxd4 Qd6 24. Qxg4 Qxd4 25. Ng6+ Kh7 26. Nf4 c6 27. Qf5+ Kh8 28. Ne3 Qf6 29. Qe4 e6 30. Ng4 Qf5 31. Qe2 e5 32. Ne3 exf4 0-1

[Event "Civil Service Ch 9th"]
[Site "Leeds"]
[Date "1999.07.29"]
[Round "4"]
[White "Pheby, Ian M"]
[Black "Coleman, G"]
[Result "1-0"]
[WhiteElo "1950"]
[BlackElo "1750"]
[PlyCount "113"]
[EventDate "1999.07.28"]
[EventType "swiss"]
[EventRounds "5"]
[EventCountry "ENG"]
[SourceTitle "BritBase"]
[Source "John Saunders"]
[SourceDate "2024.12.03"]
[SourceVersion "1"]
[SourceVersionDate "2024.12.03"]
[SourceQuality "1"]

1. d4 d5 2. c4 e6 3. Nc3 Nf6 4. Bg5 Nbd7 5. e3 c6 6. Nf3 Qa5 7. Nd2 Bb4 8. Qc2 Ne4 9. Ndxe4 dxe4 10. Bh4 O-O 11. Be2 f5 12. O-O e5 13. a3 Bxc3 14. bxc3 Nf6 15. Qb3 Qc7 16. c5+ Kh8 17. Rab1 f4 18. f3 exf3 19. Bxf3 fxe3 20. Bg3 Qf7 21. Qxf7 Rxf7 22. dxe5 Ng8 23. Be4 Rxf1+ 24. Kxf1 Ne7 25. Ke2 Nf5 26. Bf4 g6 27. g4 Ng7 28. h3 Ne6 29. Bxe3 Kg7 30. a4 Kf7 31. a5 a6 32. h4 Nf8 33. Kf3 Kg7 34. Kg3 Ne6 35. Bd3 Ra7 36. Bc4 Bd7 37. Rf1 Ra8 38. Rf6 Re8 39. Bb3 Re7 40. g5 Re8 41. h5 Re7 42. hxg6 hxg6 43. Bc2 Nf8 44. e6 Rxe6 45. Rf3 Re8 46. Bd4+ Kg8 47. Rf6 Bf5 48. Bxf5 gxf5 49. Rxf5 Re1 50. Re5 Rxe5 51. Bxe5 Ne6 {Black offered draw} 52. Kg4 Nxg5 53. Kxg5 Kf7 54. Kf5 Ke7 55. Bd6+ Kd7 56. Kf6 Kc8 57. Ke7 1-0

[Event "Civil Service Ch 9th"]
[Site "Leeds"]
[Date "1999.07.29"]
[Round "4"]
[White "Tolan, John"]
[Black "Thurlow, Kevin J"]
[Result "0-1"]
[WhiteElo "1920"]
[BlackElo "2085"]
[PlyCount "138"]
[EventDate "1999.07.28"]
[EventType "swiss"]
[EventRounds "5"]
[EventCountry "ENG"]
[SourceTitle "BritBase"]
[Source "John Saunders"]
[SourceDate "2024.12.03"]
[SourceVersion "1"]
[SourceVersionDate "2024.12.03"]
[SourceQuality "1"]

1. e4 c5 2. b4 cxb4 3. d4 e6 4. f4 d5 5. e5 Nc6 6. Be3 Nge7 7. Bd3 Bd7 8. Nf3 Na5 9. Qe2 a6 10. O-O b5 11. g4 h5 12. h3 Nc4 13. Bf2 Qb6 14. Nbd2 Nc6 15. f5 hxg4 16. hxg4 Be7 17. Nb3 O-O-O 18. Kg2 a5 19. Nc5 Bxc5 20. dxc5 Qb7 21. Rae1 Rde8 22. Bg3 exf5 23. Bxf5 Bxf5 24. gxf5 N6xe5 25. Nd4 f6 26. c6 Qb6 27. Bf2 Nd6 28. Rh1 Rxh1 29. Rxh1 Nxc6 30. Ne6 Qb7 31. Rh7 Nxf5 32. Qg4 Nce7 33. Nd4 Qd7 34. Qf4 g5 35. Qd2 Nh4+ 36. Bxh4 gxh4 37. Rg7 h3+ 38. Kh1 Rg8 39. Rxg8+ Nxg8 40. Qf4 Kb7 41. Qf3 Ka6 42. Nb3 Qe7 43. Qxh3 Qe4+ 44. Kg1 Qe1+ 45. Kg2 Qe2+ 46. Kg1 Qd1+ 47. Kg2 Qxc2+ 48. Kg1 Qb1+ 49. Kg2 Qxa2+ 50. Kg1 Qb1+ 51. Kg2 Qc2+ 52. Kg1 Qd1+ 53. Kg2 Qe2+ 54. Kg1 Qe1+ 55. Kg2 f5 56. Nc5+ Kb6 57. Nd7+ Kc6 58. Nb8+ Kc5 59. Nd7+ Kd6 60. Qh7 Ne7 61. Nf8 Qd2+ 62. Kg1 Qg5+ 63. Kh1 b3 64. Qf7 Qh6+ 65. Kg2 b2 66. Qe8 Qg7+ 67. Kf2 b1=Q 68. Qd7+ Ke5 69. Qc7+ Ke4 0-1

[Event "Civil Service Ch 9th"]
[Site "Leeds"]
[Date "1999.07.29"]
[Round "4"]
[White "Wager, John D"]
[Black "Maxwell, Alistair"]
[Result "1-0"]
[WhiteElo "2110"]
[BlackElo "2005"]
[PlyCount "76"]
[EventDate "1999.07.28"]
[EventType "swiss"]
[EventRounds "5"]
[EventCountry "ENG"]
[SourceTitle "BritBase"]
[Source "John Saunders"]
[SourceDate "2024.12.03"]
[SourceVersion "1"]
[SourceVersionDate "2024.12.03"]
[SourceQuality "1"]

1. b3 e5 2. Bb2 Nc6 3. e3 d6 4. Nf3 g6 5. d4 Bg7 6. Be2 Nge7 7. d5 Nb8 8. c4 O-O 9. Nbd2 f5 10. Qc2 a5 11. h3 Na6 12. a3 Bd7 13. O-O h6 14. Bc3 c5 15. Qb2 g5 16. Nh2 f4 17. exf4 gxf4 18. Bg4 Nf5 19. Ne4 Nh4 20. Bxa5 Qe7 21. f3 Nf5 22. b4 Ne3 23. Rfc1 Bxg4 24. Nxg4 h5 25. Nxe3 fxe3 26. bxc5 Nxc5 27. Nxc5 dxc5 28. Bc3 Qg5 29. Rf1 Rf4 30. Qe2 Ra6 31. Qxe3 Rg6 32. Ra2 Qf5 33. Kh2 Rh4 34. Re1 Rg5 35. Rae2 Rg3 36. Bxe5 Bxe5 37. Qxe5 Rgxh3+ 38. gxh3 Qxh3+ {Black lost on time} 1-0

[Event "Civil Service Ch 9th"]
[Site "Leeds"]
[Date "1999.07.29"]
[Round "4"]
[White "Wedlock, Stephen L"]
[Black "Calvert, David Ian"]
[Result "0-1"]
[WhiteElo "1775"]
[BlackElo "1885"]
[PlyCount "62"]
[EventDate "1999.07.28"]
[EventType "swiss"]
[EventRounds "5"]
[EventCountry "ENG"]
[SourceTitle "BritBase"]
[Source "John Saunders"]
[SourceDate "2024.12.03"]
[SourceVersion "1"]
[SourceVersionDate "2024.12.03"]
[SourceQuality "1"]

1. e4 d5 2. exd5 Nf6 3. d4 Nxd5 4. c4 Nb6 5. Nc3 e5 6. d5 c6 7. a3 cxd5 8. cxd5 Bd6 9. Nf3 Bf5 10. Bb5+ N8d7 11. O-O O-O 12. Re1 a6 13. Bd3 Bg6 14. Be3 Re8 15. Bxg6 hxg6 16. Ne4 Nf6 17. Nxf6+ gxf6 18. Qb3 Nd7 19. Qxb7 Nc5 20. Bxc5 Bxc5 21. b4 Re7 22. Qc6 Rc7 23. Qa4 Bd4 24. Nxd4 exd4 25. Qa5 Rd7 26. Qxd8+ Raxd8 27. Rac1 Rxd5 28. Rc6 d3 29. Rxa6 d2 30. Rd1 Re8 31. Kf1 Rde5 0-1

[Event "Civil Service Ch 9th"]
[Site "Leeds"]
[Date "1999.07.29"]
[Round "5"]
[White "Archer, Richard P"]
[Black "Coleman, G"]
[Result "0-1"]
[WhiteElo "1860"]
[BlackElo "1750"]
[PlyCount "112"]
[EventDate "1999.07.28"]
[EventType "swiss"]
[EventRounds "5"]
[EventCountry "ENG"]
[SourceTitle "BritBase"]
[Source "John Saunders"]
[SourceDate "2024.12.03"]
[SourceVersion "1"]
[SourceVersionDate "2024.12.03"]
[SourceQuality "1"]

1. e4 e5 2. Bc4 Bc5 3. d3 Nc6 4. Nf3 Nf6 5. c3 d6 6. h3 h6 7. b4 Bb6 8. a4 a5 9. b5 Ne7 10. Nbd2 O-O 11. Nf1 c6 12. Ng3 Qc7 13. Bd2 d5 14. exd5 cxd5 15. Ba2 Nf5 16. Nxf5 Bxf5 17. Bb1 Bxd3 18. Bxd3 e4 19. Be2 exf3 20. Bxf3 Rfe8+ 21. Be2 Rxe2+ 22. Kxe2 Qc4+ 23. Kf3 Qe4+ 24. Kg3 Bc7+ 25. f4 Qd3+ 26. Kh2 Ne4 27. Qf3 Qxd2 28. Rhf1 g5 29. Rad1 Bxf4+ 30. Kg1 Qe3+ 31. Qxe3 Bxe3+ 32. Kh2 Nxc3 33. Rde1 d4 34. Rf6 Nxa4 35. Rxh6 Kg7 36. Rh5 Kg6 37. g4 Nc3 38. h4 Nxb5 39. Rb1 Nd6 40. hxg5 Bxg5 41. Kg2 b5 42. Rd1 Be3 43. Rd5 Ne4 44. Rxb5 Nc3 45. Rb6+ Kg5 46. Rh1 Kxg4 47. Rh7 Ra7 48. Rg7+ Kf4 49. Rc6 a4 50. Rh7 Ke4 51. Rc5 a3 52. Rh1 a2 53. Ra1 f5 54. Rc6 Rg7+ 55. Kh3 Kf3 56. Kh4 Rh7+ 0-1

[Event "Civil Service Ch 9th"]
[Site "Leeds"]
[Date "1999.07.29"]
[Round "5"]
[White "Calvert, David Ian"]
[Black "Portman, Carl S"]
[Result "1/2-1/2"]
[WhiteElo "1885"]
[BlackElo "1820"]
[PlyCount "22"]
[EventDate "1999.07.28"]
[EventType "swiss"]
[EventRounds "5"]
[EventCountry "ENG"]
[SourceTitle "BritBase"]
[Source "John Saunders"]
[SourceDate "2024.12.03"]
[SourceVersion "1"]
[SourceVersionDate "2024.12.03"]
[SourceQuality "1"]

1. b3 Nf6 2. Bb2 e6 3. Nf3 d5 4. e3 Be7 5. d4 O-O 6. Bd3 h6 7. Nbd2 Nbd7 8. O-O c5 9. Ne5 Nxe5 10. dxe5 Nd7 11. e4 d4 1/2-1/2

[Event "Civil Service Ch 9th"]
[Site "Leeds"]
[Date "1999.07.29"]
[Round "5"]
[White "Lewyk, Ihor"]
[Black "Reese, Jon D"]
[Result "1-0"]
[WhiteElo "1975"]
[BlackElo "1640"]
[PlyCount "73"]
[EventDate "1999.07.28"]
[EventType "swiss"]
[EventRounds "5"]
[EventCountry "ENG"]
[SourceTitle "BritBase"]
[Source "John Saunders"]
[SourceDate "2024.12.03"]
[SourceVersion "1"]
[SourceVersionDate "2024.12.03"]
[SourceQuality "1"]

1. e4 g6 2. d4 Bg7 3. Nc3 c6 4. Be3 d6 5. Be2 Nf6 6. f3 h5 7. Qd2 b5 8. O-O-O a5 9. e5 dxe5 10. dxe5 Qxd2+ 11. Rxd2 b4 12. Na4 Nd5 13. Rxd5 cxd5 14. Nb6 Bb7 15. Nxa8 Bxa8 16. Bb5+ Bc6 17. Bxc6+ Nxc6 18. f4 f6 19. exf6 Bxf6 20. Nf3 O-O 21. Rd1 e6 22. g3 Rc8 23. Bd4 Nxd4 24. Nxd4 Bxd4 25. Rxd4 Kf7 26. Kd2 Kf6 27. Rd3 Rc4 28. c3 bxc3+ 29. Rxc3 Rxc3 30. Kxc3 e5 31. fxe5+ Kxe5 32. Kd3 Kd6 33. Kd4 Kc6 34. b3 Kd6 35. a3 Kc6 36. b4 axb4 37. axb4 1-0

[Event "Civil Service Ch 9th"]
[Site "Leeds"]
[Date "1999.07.29"]
[Round "5"]
[White "Maxwell, Alistair"]
[Black "Lane, Nancy S"]
[Result "1/2-1/2"]
[WhiteElo "2005"]
[BlackElo "1910"]
[PlyCount "71"]
[EventDate "1999.07.28"]
[EventType "swiss"]
[EventRounds "5"]
[EventCountry "ENG"]
[SourceTitle "BritBase"]
[Source "John Saunders"]
[SourceDate "2024.12.03"]
[SourceVersion "1"]
[SourceVersionDate "2024.12.03"]
[SourceQuality "1"]

1. e4 e5 2. Nf3 Nc6 3. Bb5 a6 4. Ba4 Nf6 5. O-O Be7 6. Re1 b5 7. Bb3 d6 8. c3 Na5 9. Bc2 c5 10. h3 Nc6 11. d4 exd4 12. cxd4 O-O 13. Nc3 Re8 14. a4 b4 15. Nd5 c4 16. Nxe7+ Nxe7 17. e5 dxe5 18. dxe5 Qxd1 19. Rxd1 Nd7 20. Be4 Rb8 21. Bf4 Nc5 22. e6 Bxe6 23. Bxb8 Rxb8 24. Ng5 Nxe4 25. Nxe4 a5 26. Rac1 Nd5 27. Rd4 Nb6 28. Nd6 Kf8 29. Nxc4 Nxa4 30. b3 Nc3 31. Re1 a4 32. bxa4 Nxa4 33. Nd2 Nc3 34. Kh2 b3 35. Rd3 Na4 36. Nxb3 1/2-1/2

[Event "Civil Service Ch 9th"]
[Site "Leeds"]
[Date "1999.07.29"]
[Round "5"]
[White "Nicholas, Jeff J"]
[Black "Ashby, Anthony C"]
[Result "1/2-1/2"]
[WhiteElo "1720"]
[BlackElo "1980"]
[PlyCount "52"]
[EventDate "1999.07.28"]
[EventType "swiss"]
[EventRounds "5"]
[EventCountry "ENG"]
[SourceTitle "BritBase"]
[Source "John Saunders"]
[SourceDate "2024.12.03"]
[SourceVersion "1"]
[SourceVersionDate "2024.12.03"]
[SourceQuality "1"]

1. d4 Nf6 2. Nf3 c5 3. g3 cxd4 4. Nxd4 e5 5. Nb3 d6 6. Bg2 Nc6 7. O-O Be7 8. e4 O-O 9. c4 Be6 10. Qe2 Qd7 11. Nc3 Bh3 12. Rd1 Bxg2 13. Kxg2 Qc7 14. Bg5 Ne8 15. Bxe7 Qxe7 16. Rac1 g6 17. c5 dxc5 18. Nd5 Qg5 19. Rxc5 f5 20. exf5 gxf5 21. Ne3 Nf6 22. Nc4 f4 23. Nxe5 Nxe5 24. Qxe5 Qxe5 25. Rxe5 fxg3 26. hxg3 Rae8 1/2-1/2

[Event "Civil Service Ch 9th"]
[Site "Leeds"]
[Date "1999.07.29"]
[Round "5"]
[White "Pheby, Ian M"]
[Black "Wager, John D"]
[Result "0-1"]
[WhiteElo "1950"]
[BlackElo "2110"]
[PlyCount "52"]
[EventDate "1999.07.28"]
[EventType "swiss"]
[EventRounds "5"]
[EventCountry "ENG"]
[SourceTitle "BritBase"]
[Source "John Saunders"]
[SourceDate "2024.12.03"]
[SourceVersion "1"]
[SourceVersionDate "2024.12.03"]
[SourceQuality "1"]

1. d4 Nc6 2. Nf3 e6 3. e4 Nf6 4. Nbd2 d6 5. c3 Be7 6. Bd3 e5 7. d5 Nb8 8. h3 c6 9. c4 O-O 10. Qe2 a5 11. Nf1 b5 12. b3 bxc4 13. bxc4 Nbd7 14. Be3 Qc7 15. N1d2 Nc5 16. Bxc5 dxc5 17. O-O Nh5 18. Rfb1 Nf4 19. Qe3 Bd6 20. Bf1 g6 21. Ne1 f5 22. f3 cxd5 23. cxd5 c4 24. Qc3 Qa7+ 25. Kh1 Qf2 26. a3 Bc5 0-1

[Event "Civil Service Ch 9th"]
[Site "Leeds"]
[Date "1999.07.29"]
[Round "5"]
[White "Thurlow, Kevin J"]
[Black "Walker, Martin Graham"]
[Result "1-0"]
[WhiteElo "2085"]
[BlackElo "2120"]
[PlyCount "55"]
[EventDate "1999.07.28"]
[EventType "swiss"]
[EventRounds "5"]
[EventCountry "ENG"]
[SourceTitle "BritBase"]
[Source "John Saunders"]
[SourceDate "2024.12.03"]
[SourceVersion "1"]
[SourceVersionDate "2024.12.03"]
[SourceQuality "1"]

1. e4 e5 2. Nf3 Nc6 3. Bb5 a6 4. Ba4 Nf6 5. O-O Nxe4 6. d4 b5 7. Bb3 d5 8. dxe5 Be6 9. c3 Bc5 10. Nbd2 Nxf2 11. Rxf2 O-O 12. Nf1 Bxf2+ 13. Kxf2 f6 14. exf6 Rxf6 15. Kg1 h6 16. Be3 Qd7 17. Ng3 Raf8 18. a4 g5 19. axb5 axb5 20. Nh5 Rg6 21. Qd3 Kh7 22. Bc5 Rf7 23. Ra8 Bf5 24. Qxd5 Qxd5 25. Bxd5 Rd7 26. Bxc6 Rxc6 27. Bd4 Re7 28. Ng3 1-0

[Event "Civil Service Ch 9th"]
[Site "Leeds"]
[Date "1999.07.29"]
[Round "5"]
[White "Tolan, John"]
[Black "Charter, Mark R"]
[Result "1/2-1/2"]
[WhiteElo "1920"]
[BlackElo "2045"]
[PlyCount "80"]
[EventDate "1999.07.28"]
[EventType "swiss"]
[EventRounds "5"]
[EventCountry "ENG"]
[SourceTitle "BritBase"]
[Source "John Saunders"]
[SourceDate "2024.12.03"]
[SourceVersion "1"]
[SourceVersionDate "2024.12.03"]
[SourceQuality "1"]

1. f4 d5 2. Nf3 Nf6 3. e3 c5 4. Be2 Nc6 5. b3 Bg4 6. O-O Bxf3 7. Bxf3 e6 8. c4 Be7 9. Bb2 O-O 10. Qe2 Rc8 11. d3 Qc7 12. Nd2 Rfd8 13. Rad1 d4 14. Bxc6 Qxc6 15. e4 Bf8 16. Bc1 Ne8 17. Rf3 f5 18. e5 g6 19. Rh3 Rd7 20. Nf3 Rg7 21. Bd2 Be7 22. Rf1 Nc7 23. a3 b6 24. b4 a6 25. Rb1 Qa8 26. Qe1 b5 27. bxc5 Bxc5 28. Bb4 Qa7 29. Bxc5 Qxc5 30. Qb4 Qxb4 31. axb4 Rd7 32. Nd2 h5 33. Kf2 Kf7 34. Ke2 Ne8 35. Ra1 Rc6 36. Ra5 Rb7 37. Rf3 bxc4 38. dxc4 Rxb4 39. Rd3 Rb7 40. Rxd4 Ke7 1/2-1/2